|
|
|
|
| LEADER |
00000nbm0a2200000 4500 |
| 001 |
138432 |
| 005 |
20231031141439.0 |
| 035 |
|
|
|a (RuTPU)RU\TPU\book\149994
|
| 090 |
|
|
|a 138432
|
| 100 |
|
|
|a 20080526d1968 k y0rusy50 ca
|
| 101 |
0 |
|
|a rus
|
| 102 |
|
|
|a RU
|
| 105 |
|
|
|a a m 001zy
|
| 200 |
0 |
|
|a Т. 1
|
| 210 |
|
|
|d 1968
|
| 215 |
|
|
|a 371 л.
|c ил.
|
| 320 |
|
|
|a Библиогр.: с. 351-371 (289 назв.)
|
| 461 |
|
|
|t Строматопороидеи нижнего и среднего девона С-В Салаира и Рудного Алтая
|o Диссертация на соискание ученой степени кандидата геолого-минералогических наук
|f Е. Г. Косарева
|g Томский государственный университет (ТГУ) ; науч. рук. В. А. Иванин
|v Т. 1
|d 1968
|
| 610 |
1 |
|
|a диссертации
|
| 610 |
1 |
|
|a Рудный Алтай
|
| 610 |
1 |
|
|a Салаир
|
| 610 |
1 |
|
|a строматопороидеи
|
| 610 |
1 |
|
|a Сибирь
|
| 610 |
1 |
|
|a морфология
|
| 610 |
1 |
|
|a филогения
|
| 610 |
1 |
|
|a распостранение
|
| 610 |
1 |
|
|a экология
|
| 675 |
|
|
|a 551.734(04)
|v 3
|
| 801 |
|
1 |
|a RU
|b 63413507
|c 20080526
|g PSBO
|
| 942 |
|
|
|c BK
|